[Event "Women's Baku Chess Olympiad"]
[Site "chess24.com"]
[Date "2016.09.10"]
[Round "8"]
[White "Hapala, Elisabeth"]
[Black "Sultana, Zakia"]
[Result "0-1"]
[Board "4"]
[WhiteID "1622080"]
[WhiteElo "2021"]
[WhiteTitle "WFM"]
[WhiteCountry "AUT"]
[WhiteFideId "1622080"]
[WhiteEloChange "-14"]
[BlackID "10201220"]
[BlackElo "1885"]
[BlackTitle "WFM"]
[BlackCountry "BAN"]
[BlackFideId "10201220"]
[BlackEloChange "14"]

1. e4 {[%clk 1:30:58]} e6 {[%clk 1:30:50]} 2. d4 {[%clk 1:31:24]} d5 {[%clk
1:31:09]} 3. Nd2 {[%clk 1:31:49]} c5 {[%clk 1:29:58]} 4. exd5 {[%clk 1:31:41]}
exd5 {[%clk 1:29:22]} 5. Ngf3 {[%clk 1:31:34]} Nf6 {[%clk 1:28:32]} 6. Bb5+
{[%clk 1:31:48]} Bd7 {[%clk 1:28:21]} 7. Bxd7+ {[%clk 1:31:22]} Nbxd7 {[%clk
1:28:28]} 8. O-O {[%clk 1:31:01]} Be7 {[%clk 1:28:43]} 9. dxc5 {[%clk 1:26:49]}
Nxc5 {[%clk 1:27:37]} 10. Nd4 {[%clk 1:26:53]} Qd7 {[%clk 1:18:37]} 11. N2f3
{[%clk 1:24:05]} O-O {[%clk 1:18:18]} 12. Ne5 {[%clk 1:16:53]} Qc8 {[%clk
1:15:27]} 13. Bf4 {[%clk 1:08:32]} a6 {[%clk 1:14:58]} 14. Re1 {[%clk 1:00:11]}
Re8 {[%clk 1:14:38]} 15. c3 {[%clk 0:56:07]} Bf8 {[%clk 1:12:58]} 16. Qf3 {[%clk
0:51:39]} Ne6 {[%clk 1:06:59]} 17. Nf5 {[%clk 0:46:13]} Nxf4 {[%clk 1:05:34]} 18.
Qxf4 {[%clk 0:44:19]} Re6 {[%clk 1:00:04]} 19. Rad1 {[%clk 0:29:05]} Qc7 {[%clk
0:55:36]} 20. Nd4 {[%clk 0:16:59]} Ree8 {[%clk 0:52:21]} 21. Nf5 {[%clk 0:13:48]}
Re6 {[%clk 0:51:41]} 22. Ng6 {[%clk 0:07:49]} Qd7 {[%clk 0:42:15]} 23. Nxf8
{[%clk 0:07:27]} Rxf8 {[%clk 0:39:27]} 24. Qg5 {[%clk 0:07:32]} g6 {[%clk
0:38:45]} 25. Re3 {[%clk 0:03:32]} Rfe8 {[%clk 0:36:37]} 26. Rxe6 {[%clk
0:01:29]} Rxe6 {[%clk 0:36:34]} 27. h3 {[%clk 0:01:16]} Rb6 {[%clk 0:33:11]} 28.
Rd4 {[%clk 0:00:41]} Qxf5 {[%clk 0:33:15]} 29. Qh6 {[%clk 0:00:34]} Rxb2 {[%clk
0:29:49]} 30. Qe3 {[%clk 0:01:03]} Rb1+ {[%clk 0:29:49]} 31. Kh2 {[%clk 0:01:03]}
Ne4 {[%clk 0:26:34]} 32. f3 {[%clk 0:01:25]} Qe5+ {[%clk 0:22:34]} 33. f4 {[%clk
0:01:53]} Qe6 {[%clk 0:18:19]} 34. c4 {[%clk 0:02:08]} Nf6 {[%clk 0:17:09]} 35.
Qd3 {[%clk 0:01:02]} Qe1 {[%clk 0:17:04]} 36. cxd5 {[%clk 0:01:01]} Nh5 {[%clk
0:15:45]} 0-1

[Event "Women's Baku Chess Olympiad"]
[Site "chess24.com"]
[Date "2016.09.10"]
[Round "8"]
[White "Vazquez Maccarini, Danitza"]
[Black "Latreche, Sabrina"]
[Result "0-1"]
[Board "1"]
[WhiteID "3101193"]
[WhiteElo "2142"]
[WhiteTitle "WIM"]
[WhiteCountry "PUR"]
[WhiteFideId "3101193"]
[WhiteEloChange "-12"]
[BlackID "7901798"]
[BlackElo "2059"]
[BlackTitle "WIM"]
[BlackCountry "ALG"]
[BlackFideId "7901798"]
[BlackEloChange "12"]

1. e4 {[%clk 1:30:55]} e5 {[%clk 1:30:46]} 2. Nf3 {[%clk 1:31:13]} Nc6 {[%clk
1:30:59]} 3. Bb5 {[%clk 1:31:25]} a6 {[%clk 1:31:14]} 4. Ba4 {[%clk 1:31:45]}
Nge7 {[%clk 1:31:29]} 5. O-O {[%clk 1:32:00]} g6 {[%clk 1:31:35]} 6. c3 {[%clk
1:31:51]} Bg7 {[%clk 1:31:44]} 7. d4 {[%clk 1:31:36]} exd4 {[%clk 1:31:36]} 8.
cxd4 {[%clk 1:31:56]} b5 {[%clk 1:31:44]} 9. Bb3 {[%clk 1:32:05]} d6 {[%clk
1:30:45]} 10. h3 {[%clk 1:32:00]} O-O {[%clk 1:31:09]} 11. Nc3 {[%clk 1:31:26]}
Na5 {[%clk 1:31:19]} 12. Bc2 {[%clk 1:31:42]} Bb7 {[%clk 1:31:20]} 13. Bg5 {[%clk
1:29:59]} h6 {[%clk 1:30:50]} 14. Bh4 {[%clk 1:29:33]} Nc4 {[%clk 1:28:05]} 15.
b3 {[%clk 1:28:54]} Na3 {[%clk 1:22:27]} 16. Rc1 {[%clk 1:11:52]} Nxc2 {[%clk
1:20:42]} 17. Qxc2 {[%clk 1:11:51]} g5 {[%clk 1:18:29]} 18. Bg3 {[%clk 1:11:44]}
f5 {[%clk 1:17:54]} 19. Rfe1 {[%clk 0:57:59]} Rc8 {[%clk 1:02:17]} 20. b4 {[%clk
0:50:40]} f4 {[%clk 0:47:28]} 21. Bh2 {[%clk 0:50:25]} Qd7 {[%clk 0:44:15]} 22.
d5 {[%clk 0:44:18]} c5 {[%clk 0:39:51]} 23. dxc6 {[%clk 0:41:45]} Qxc6 {[%clk
0:24:47]} 24. Qb3+ {[%clk 0:40:50]} Kh7 {[%clk 0:25:11]} 25. Ne2 {[%clk 0:37:47]}
Qb6 {[%clk 0:22:39]} 26. Qd3 {[%clk 0:35:58]} Ng6 {[%clk 0:22:18]} 27. Nc3 {[%clk
0:25:50]} Qc6 {[%clk 0:14:46]} 28. Nd4 {[%clk 0:23:53]} Qc4 {[%clk 0:14:35]} 29.
Red1 {[%clk 0:20:26]} Qxd3 {[%clk 0:14:28]} 30. Rxd3 {[%clk 0:20:54]} Bxe4 {[%clk
0:14:12]} 31. Rdd1 {[%clk 0:20:58]} Bb7 {[%clk 0:13:01]} 32. Ne6 {[%clk 0:19:12]}
Rfe8 {[%clk 0:11:27]} 33. Nxg7 {[%clk 0:18:13]} Kxg7 {[%clk 0:11:52]} 34. Kf1
{[%clk 0:17:41]} d5 {[%clk 0:11:46]} 35. f3 {[%clk 0:17:07]} Rc4 {[%clk 0:11:34]}
36. Bg1 {[%clk 0:16:51]} Nh4 {[%clk 0:10:08]} 37. Bc5 {[%clk 0:13:59]} Nf5 {[%clk
0:10:16]} 38. Kf2 {[%clk 0:14:01]} Kg6 {[%clk 0:06:37]} 39. Rd3 {[%clk 0:11:49]}
d4 {[%clk 0:06:39]} 40. Ne2 {[%clk 0:42:04]} Rxe2+ {[%clk 0:37:06]} 41. Kxe2
{[%clk 0:42:15]} Rxc1 {[%clk 0:37:32]} 42. Bxd4 {[%clk 0:42:40]} Rc2+ {[%clk
0:37:40]} 43. Kf1 {[%clk 0:42:49]} Ng3+ {[%clk 0:37:53]} 44. Ke1 {[%clk 0:43:03]}
Rxg2 {[%clk 0:37:19]} 45. Bc3 {[%clk 0:43:11]} Nf5 {[%clk 0:37:25]} 46. Rd7
{[%clk 0:43:03]} Bxf3 {[%clk 0:37:45]} 47. Ra7 {[%clk 0:43:29]} Rxa2 {[%clk
0:38:07]} 0-1

[Event "Women's Baku Chess Olympiad"]
[Site "chess24.com"]
[Date "2016.09.10"]
[Round "8"]
[White "Mezioud, Amina"]
[Black "Morales Santos, Natasha"]
[Result "1-0"]
[Board "2"]
[WhiteID "7900970"]
[WhiteElo "2043"]
[WhiteTitle "WIM"]
[WhiteCountry "ALG"]
[WhiteFideId "7900970"]
[WhiteEloChange "6"]
[BlackID "3101703"]
[BlackElo "1908"]
[BlackTitle "WIM"]
[BlackCountry "PUR"]
[BlackFideId "3101703"]
[BlackEloChange "-6"]

1. e4 {[%clk 1:30:39]} e6 {[%clk 1:30:20]} 2. d3 {[%clk 1:31:01]} c5 {[%clk
1:30:39]} 3. g3 {[%clk 1:30:59]} Nc6 {[%clk 1:30:59]} 4. Bg2 {[%clk 1:31:19]} g6
{[%clk 1:31:15]} 5. Nf3 {[%clk 1:31:24]} Bg7 {[%clk 1:31:36]} 6. O-O {[%clk
1:31:36]} Nge7 {[%clk 1:31:51]} 7. c3 {[%clk 1:31:50]} O-O {[%clk 1:31:49]} 8.
Re1 {[%clk 1:31:50]} d5 {[%clk 1:31:16]} 9. e5 {[%clk 1:31:35]} d4 {[%clk
1:30:44]} 10. c4 {[%clk 1:30:54]} Qc7 {[%clk 1:27:14]} 11. Bf4 {[%clk 1:30:52]}
b6 {[%clk 1:26:48]} 12. Nbd2 {[%clk 1:23:05]} Bb7 {[%clk 1:26:15]} 13. Ne4 {[%clk
1:21:15]} h6 {[%clk 1:15:39]} 14. Nf6+ {[%clk 1:12:39]} Kh8 {[%clk 1:15:00]} 15.
Qd2 {[%clk 1:10:48]} g5 {[%clk 1:10:27]} 16. Bxg5 {[%clk 1:10:39]} hxg5 {[%clk
1:10:47]} 17. Qxg5 {[%clk 1:11:01]} Ng8 {[%clk 1:09:21]} 18. Re4 {[%clk 1:09:14]}
Bh6 {[%clk 1:02:00]} 19. Rh4 {[%clk 1:09:25]} 1-0

[Event "Women's Baku Chess Olympiad"]
[Site "chess24.com"]
[Date "2016.09.10"]
[Round "8"]
[White "Comas Colon, Rinelly M."]
[Black "Abdi, Zineb Dina"]
[Result "1/2-1/2"]
[Board "3"]
[WhiteID "3101576"]
[WhiteElo "1773"]
[WhiteTitle "WFM"]
[WhiteCountry "PUR"]
[WhiteFideId "3101576"]
[WhiteEloChange "5"]
[BlackID "7900880"]
[BlackElo "1953"]
[BlackTitle "WIM"]
[BlackCountry "ALG"]
[BlackFideId "7900880"]
[BlackEloChange "-5"]

1. c4 {[%clk 1:30:55]} e5 {[%clk 1:29:51]} 2. g3 {[%clk 1:31:13]} Nf6 {[%clk
1:30:10]} 3. Bg2 {[%clk 1:31:19]} d5 {[%clk 1:30:16]} 4. cxd5 {[%clk 1:31:18]}
Nxd5 {[%clk 1:30:41]} 5. Nc3 {[%clk 1:31:08]} Nb6 {[%clk 1:30:38]} 6. Nf3 {[%clk
1:31:15]} Nc6 {[%clk 1:30:52]} 7. O-O {[%clk 1:30:42]} Be7 {[%clk 1:31:15]} 8. d3
{[%clk 1:24:01]} O-O {[%clk 1:31:15]} 9. b3 {[%clk 1:21:37]} Be6 {[%clk 1:30:16]}
10. Bb2 {[%clk 1:21:03]} f6 {[%clk 1:29:12]} 11. Rc1 {[%clk 1:15:43]} Qc8 {[%clk
1:23:52]} 12. Re1 {[%clk 1:13:22]} Rd8 {[%clk 1:21:50]} 13. Ne4 {[%clk 1:03:53]}
Bb4 {[%clk 1:09:19]} 14. Bc3 {[%clk 0:58:11]} Ba3 {[%clk 1:07:48]} 15. Ra1 {[%clk
0:56:46]} Nd5 {[%clk 1:04:13]} 16. Bd2 {[%clk 0:49:58]} Bf5 {[%clk 0:55:53]} 17.
Qc2 {[%clk 0:43:39]} Ndb4 {[%clk 0:45:44]} 18. Bxb4 {[%clk 0:37:47]} Nxb4 {[%clk
0:45:06]} 19. Qc3 {[%clk 0:36:57]} Nd5 {[%clk 0:37:59]} 20. Qc4 {[%clk 0:32:32]}
Be6 {[%clk 0:36:23]} 21. Qc2 {[%clk 0:30:58]} Qd7 {[%clk 0:31:46]} 22. Red1
{[%clk 0:25:10]} Nb4 {[%clk 0:14:08]} 23. Qc3 {[%clk 0:24:27]} Qc6 {[%clk
0:11:57]} 24. Qxc6 {[%clk 0:21:02]} Nxc6 {[%clk 0:12:26]} 25. Rd2 {[%clk
0:17:54]} Rd7 {[%clk 0:09:16]} 26. Rb1 {[%clk 0:14:41]} h6 {[%clk 0:05:55]} 27.
Rc2 {[%clk 0:10:55]} Nb4 {[%clk 0:05:34]} 28. Rd2 {[%clk 0:10:47]} Nc6 {[%clk
0:06:02]} 29. Rc2 {[%clk 0:11:12]} Nb4 {[%clk 0:03:02]} 30. Rd2 {[%clk 0:11:38]}
Nc6 {[%clk 0:01:15]} 31. Rc2 {[%clk 0:12:01]} Nb4 {[%clk 0:00:40]} 1/2-1/2

[Event "Women's Baku Chess Olympiad"]
[Site "chess24.com"]
[Date "2016.09.10"]
[Round "8"]
[White "Toubal, Hayat"]
[Black "Vega Jimenez, Keyshla M."]
[Result "1/2-1/2"]
[Board "4"]
[WhiteID "7901631"]
[WhiteElo "1921"]
[WhiteTitle "WIM"]
[WhiteCountry "ALG"]
[WhiteFideId "7901631"]
[WhiteEloChange "-7"]
[BlackID "3101851"]
[BlackElo "1641"]
[BlackTitle "WCM"]
[BlackCountry "PUR"]
[BlackFideId "3101851"]
[BlackEloChange "7"]

1. d4 {[%clk 1:30:57]} d5 {[%clk 1:30:53]} 2. Nf3 {[%clk 1:31:13]} Nf6 {[%clk
1:31:16]} 3. c4 {[%clk 1:31:26]} e6 {[%clk 1:31:42]} 4. Nc3 {[%clk 1:31:40]} Be7
{[%clk 1:31:50]} 5. Bg5 {[%clk 1:31:57]} O-O {[%clk 1:32:07]} 6. e3 {[%clk
1:32:22]} b6 {[%clk 1:32:18]} 7. Bd3 {[%clk 1:31:51]} Bb7 {[%clk 1:32:20]} 8. O-O
{[%clk 1:31:49]} Nbd7 {[%clk 1:32:37]} 9. Rc1 {[%clk 1:30:24]} h6 {[%clk
1:30:28]} 10. Bh4 {[%clk 1:30:29]} c5 {[%clk 1:30:14]} 11. Qe2 {[%clk 1:25:25]}
Ne4 {[%clk 1:27:45]} 12. Bxe7 {[%clk 1:24:24]} Qxe7 {[%clk 1:28:07]} 13. Rfd1
{[%clk 1:18:29]} Rac8 {[%clk 1:20:12]} 14. cxd5 {[%clk 1:07:47]} exd5 {[%clk
1:20:05]} 15. Bb1 {[%clk 1:00:25]} Ndf6 {[%clk 1:16:02]} 16. h3 {[%clk 0:58:34]}
Nxc3 {[%clk 1:05:56]} 17. Rxc3 {[%clk 0:46:38]} Ne4 {[%clk 1:02:50]} 18. Rcc1
{[%clk 0:42:20]} Rfd8 {[%clk 0:58:43]} 19. Ne5 {[%clk 0:35:49]} cxd4 {[%clk
0:54:30]} 20. exd4 {[%clk 0:33:52]} Qg5 {[%clk 0:47:57]} 21. Rxc8 {[%clk
0:26:08]} Rxc8 {[%clk 0:45:41]} 22. Bc2 {[%clk 0:26:30]} Rc7 {[%clk 0:31:10]} 23.
Bd3 {[%clk 0:18:55]} Rc1 {[%clk 0:27:47]} 24. Qf3 {[%clk 0:16:14]} Rxd1+ {[%clk
0:26:13]} 25. Qxd1 {[%clk 0:16:42]} Qd2 {[%clk 0:19:52]} 26. Qxd2 {[%clk
0:13:28]} Nxd2 {[%clk 0:20:14]} 27. f3 {[%clk 0:13:07]} f6 {[%clk 0:19:59]} 28.
Ng6 {[%clk 0:12:34]} Nc4 {[%clk 0:19:38]} 29. b3 {[%clk 0:11:13]} Nd6 {[%clk
0:18:48]} 30. Kf2 {[%clk 0:10:48]} a5 {[%clk 0:18:14]} 31. a4 {[%clk 0:10:04]}
Kf7 {[%clk 0:17:29]} 32. Nf4 {[%clk 0:08:44]} Ke7 {[%clk 0:16:14]} 33. Ng6+
{[%clk 0:08:31]} Kf7 {[%clk 0:13:38]} 34. Nf4 {[%clk 0:08:55]} Nc8 {[%clk
0:12:24]} 35. Bg6+ {[%clk 0:07:25]} Ke7 {[%clk 0:12:09]} 36. Ke3 {[%clk 0:07:38]}
Kd6 {[%clk 0:11:44]} 37. Bd3 {[%clk 0:07:32]} Ne7 {[%clk 0:11:05]} 38. Kd2 {[%clk
0:06:13]} Nc6 {[%clk 0:09:16]} 39. Kc3 {[%clk 0:06:05]} Nb4 {[%clk 0:09:05]} 40.
Be2 {[%clk 0:34:43]} Bc8 {[%clk 0:35:42]} 41. Nh5 {[%clk 0:34:11]} Bf5 {[%clk
0:26:41]} 42. Nxg7 {[%clk 0:32:45]} Bg6 {[%clk 0:26:37]} 43. f4 {[%clk 0:33:02]}
Ke7 {[%clk 0:22:59]} 44. Nh5 {[%clk 0:28:36]} Bxh5 {[%clk 0:19:33]} 45. Bxh5
{[%clk 0:29:04]} Ke6 {[%clk 0:19:11]} 46. Bg4+ {[%clk 0:27:16]} Kf7 {[%clk
0:19:10]} 47. Bf3 {[%clk 0:23:30]} Kg6 {[%clk 0:18:57]} 48. g4 {[%clk 0:23:48]}
Na2+ {[%clk 0:17:07]} 49. Kd2 {[%clk 0:23:52]} Nb4 {[%clk 0:17:10]} 50. h4 {[%clk
0:21:56]} Kg7 {[%clk 0:14:03]} 51. Bd1 {[%clk 0:19:48]} Kf7 {[%clk 0:13:10]} 52.
Bc2 {[%clk 0:18:04]} Nc6 {[%clk 0:12:26]} 53. Ke3 {[%clk 0:17:43]} Nb4 {[%clk
0:11:29]} 54. Bb1 {[%clk 0:16:55]} Ke6 {[%clk 0:10:45]} 55. g5 {[%clk 0:16:26]}
fxg5 {[%clk 0:10:05]} 56. fxg5 {[%clk 0:16:44]} hxg5 {[%clk 0:10:14]} 57. hxg5
{[%clk 0:15:32]} Nc6 {[%clk 0:09:51]} 58. Bh7 {[%clk 0:14:33]} Kf7 {[%clk
0:09:07]} 59. Bf5 {[%clk 0:14:32]} Ne7 {[%clk 0:07:52]} 60. Bd3 {[%clk 0:13:32]}
Kg7 {[%clk 0:07:12]} 61. Kf4 {[%clk 0:12:15]} Nc6 {[%clk 0:07:08]} 62. Ke3 {[%clk
0:12:38]} Ne7 {[%clk 0:07:29]} 63. Kf4 {[%clk 0:03:28]} Nc6 {[%clk 0:07:53]} 64.
Ke3 {[%clk 0:03:53]} Ne7 {[%clk 0:08:05]} 1/2-1/2

[Event "Women's Baku Chess Olympiad"]
[Site "chess24.com"]
[Date "2016.09.10"]
[Round "8"]
[White "Nguyen, Thu Giang"]
[Black "Tan, Li Ting"]
[Result "0-1"]
[Board "1"]
[WhiteID "12400980"]
[WhiteElo "2119"]
[WhiteTitle "WFM"]
[WhiteCountry "AUS"]
[WhiteFideId "12400980"]
[WhiteEloChange "-13"]
[BlackID "5704820"]
[BlackElo "1993"]
[BlackTitle "WFM"]
[BlackCountry "MAS"]
[BlackFideId "5704820"]
[BlackEloChange "13"]

1. e4 {[%clk 1:30:56]} e5 {[%clk 1:30:43]} 2. Bc4 {[%clk 1:31:09]} Nf6 {[%clk
1:30:52]} 3. d3 {[%clk 1:31:32]} Bc5 {[%clk 1:30:19]} 4. Nc3 {[%clk 1:31:28]} d6
{[%clk 1:30:06]} 5. Na4 {[%clk 1:28:41]} O-O {[%clk 1:22:44]} 6. Nxc5 {[%clk
1:25:51]} dxc5 {[%clk 1:23:09]} 7. Bg5 {[%clk 1:23:03]} Qd6 {[%clk 1:20:56]} 8.
Qf3 {[%clk 1:19:45]} Ne8 {[%clk 1:09:15]} 9. Ne2 {[%clk 1:11:20]} Nc6 {[%clk
1:03:50]} 10. c3 {[%clk 1:09:25]} Na5 {[%clk 0:56:16]} 11. Rd1 {[%clk 0:48:56]}
Nxc4 {[%clk 0:48:14]} 12. dxc4 {[%clk 0:49:18]} Qe6 {[%clk 0:48:39]} 13. b3
{[%clk 0:40:53]} Nd6 {[%clk 0:45:38]} 14. Ng3 {[%clk 0:37:45]} b6 {[%clk
0:40:51]} 15. O-O {[%clk 0:28:47]} Qg6 {[%clk 0:22:36]} 16. Be7 {[%clk 0:12:10]}
Bg4 {[%clk 0:22:56]} 17. Qd3 {[%clk 0:07:24]} Rfe8 {[%clk 0:21:06]} 18. f3 {[%clk
0:07:37]} Rxe7 {[%clk 0:17:19]} 19. fxg4 {[%clk 0:08:00]} Qxg4 {[%clk 0:14:13]}
20. Nf5 {[%clk 0:05:24]} Re6 {[%clk 0:12:50]} 21. Rde1 {[%clk 0:04:31]} Rae8
{[%clk 0:11:14]} 22. h3 {[%clk 0:04:17]} Qg5 {[%clk 0:10:50]} 23. Re3 {[%clk
0:03:59]} Nxf5 {[%clk 0:09:52]} 24. Rxf5 {[%clk 0:03:34]} Qd8 {[%clk 0:08:59]}
25. Qf1 {[%clk 0:03:53]} Rd6 {[%clk 0:09:09]} 26. Kh2 {[%clk 0:04:10]} Qd7 {[%clk
0:09:11]} 27. Rg3 {[%clk 0:03:46]} Qe7 {[%clk 0:07:37]} 28. Qc1 {[%clk 0:03:01]}
Red8 {[%clk 0:07:20]} 29. Qg5 {[%clk 0:02:46]} f6 {[%clk 0:06:11]} 30. Qh4 {[%clk
0:02:38]} g6 {[%clk 0:03:16]} 31. Rf2 {[%clk 0:02:09]} Kg7 {[%clk 0:03:14]} 32.
Rgf3 {[%clk 0:02:19]} Rf8 {[%clk 0:03:27]} 33. Qg4 {[%clk 0:02:32]} Qd7 {[%clk
0:03:32]} 34. Qh4 {[%clk 0:02:26]} Qd8 {[%clk 0:02:58]} 35. g4 {[%clk 0:02:22]}
g5 {[%clk 0:01:38]} 36. Qg3 {[%clk 0:02:42]} Rd2 {[%clk 0:01:30]} 37. h4 {[%clk
0:02:45]} h6 {[%clk 0:01:38]} 38. h5 {[%clk 0:02:28]} Rxf2+ {[%clk 0:01:30]} 39.
Rxf2 {[%clk 0:01:18]} Qd1 {[%clk 0:01:26]} 40. Qg2 {[%clk 0:30:47]} Rd8 {[%clk
0:31:39]} 41. Re2 {[%clk 0:20:25]} Rd3 {[%clk 0:18:59]} 42. Rc2 {[%clk 0:14:43]}
Qe1 {[%clk 0:18:22]} 43. Rf2 {[%clk 0:09:20]} Rxc3 {[%clk 0:17:58]} 44. Rf3
{[%clk 0:07:14]} Rc1 {[%clk 0:12:57]} 45. Rd3 {[%clk 0:06:44]} Kf7 {[%clk
0:12:48]} 46. Rf3 {[%clk 0:05:04]} Ke7 {[%clk 0:12:36]} 47. Rf2 {[%clk 0:05:03]}
Rd1 {[%clk 0:11:42]} 48. Qf3 {[%clk 0:03:35]} Qg1+ {[%clk 0:12:02]} 49. Kh3
{[%clk 0:03:58]} Rd3 {[%clk 0:04:48]} 50. Qxd3 {[%clk 0:04:14]} Qxf2 {[%clk
0:05:15]} 51. Qg3 {[%clk 0:03:31]} Qxa2 {[%clk 0:05:30]} 52. Qf3 {[%clk 0:03:31]}
a5 {[%clk 0:04:00]} 53. Qf5 {[%clk 0:02:36]} Qxb3+ {[%clk 0:04:20]} 54. Kg2
{[%clk 0:03:00]} Qxc4 {[%clk 0:04:29]} 55. Qh7+ {[%clk 0:03:23]} Qf7 {[%clk
0:04:03]} 56. Qxh6 {[%clk 0:03:41]} Qg8 {[%clk 0:04:23]} 57. Kf3 {[%clk 0:03:09]}
a4 {[%clk 0:04:36]} 0-1

[Event "Women's Baku Chess Olympiad"]
[Site "chess24.com"]
[Date "2016.09.10"]
[Round "8"]
[White "Bakri, Alia Anin Azwa"]
[Black "Guo, Emma"]
[Result "0-1"]
[Board "2"]
[WhiteID "5702712"]
[WhiteElo "1923"]
[WhiteTitle "WFM"]
[WhiteCountry "MAS"]
[WhiteFideId "5702712"]
[WhiteEloChange "-7"]
[BlackID "3200795"]
[BlackElo "2035"]
[BlackTitle "WIM"]
[BlackCountry "AUS"]
[BlackFideId "3200795"]
[BlackEloChange "7"]

1. d4 {[%clk 1:30:57]} Nf6 {[%clk 1:30:53]} 2. c4 {[%clk 1:31:03]} c5 {[%clk
1:31:13]} 3. d5 {[%clk 1:26:23]} b5 {[%clk 1:31:32]} 4. cxb5 {[%clk 1:25:54]} a6
{[%clk 1:31:56]} 5. b6 {[%clk 1:25:59]} d6 {[%clk 1:31:46]} 6. Nc3 {[%clk
1:25:43]} Nbd7 {[%clk 1:31:22]} 7. e4 {[%clk 1:24:53]} g6 {[%clk 1:31:06]} 8. Nf3
{[%clk 1:23:28]} Bg7 {[%clk 1:28:15]} 9. Be2 {[%clk 1:23:03]} O-O {[%clk
1:27:29]} 10. O-O {[%clk 1:23:07]} Nxb6 {[%clk 1:26:55]} 11. Nd2 {[%clk 1:20:25]}
a5 {[%clk 1:24:22]} 12. Na4 {[%clk 1:01:27]} Ba6 {[%clk 1:18:52]} 13. Nxb6 {[%clk
0:59:41]} Qxb6 {[%clk 1:18:04]} 14. Rb1 {[%clk 0:57:31]} Rfb8 {[%clk 1:11:57]}
15. Re1 {[%clk 0:53:33]} Bxe2 {[%clk 1:09:23]} 16. Qxe2 {[%clk 0:53:01]} Qa6
{[%clk 1:09:10]} 17. Nc4 {[%clk 0:51:26]} a4 {[%clk 0:55:52]} 18. Bd2 {[%clk
0:37:10]} Nd7 {[%clk 0:50:14]} 19. f4 {[%clk 0:30:07]} Nb6 {[%clk 0:35:48]} 20.
Na5 {[%clk 0:21:21]} Kf8 {[%clk 0:19:24]} 21. Kf1 {[%clk 0:19:00]} Qxe2+ {[%clk
0:17:23]} 22. Kxe2 {[%clk 0:18:43]} Ra6 {[%clk 0:15:40]} 23. b4 {[%clk 0:14:25]}
axb3 {[%clk 0:14:47]} 24. axb3 {[%clk 0:14:01]} Rba8 {[%clk 0:11:20]} 25. Nc4
{[%clk 0:11:35]} Nxc4 {[%clk 0:07:11]} 26. bxc4 {[%clk 0:12:04]} Ra2 {[%clk
0:07:15]} 27. Rb3 {[%clk 0:11:34]} e5 {[%clk 0:02:27]} 28. fxe5 {[%clk 0:11:34]}
Bxe5 {[%clk 0:02:40]} 29. Kd3 {[%clk 0:04:01]} Ra1 {[%clk 0:01:08]} 30. Rxa1
{[%clk 0:03:21]} Rxa1 {[%clk 0:01:34]} 31. Bh6+ {[%clk 0:02:49]} Ke7 {[%clk
0:01:29]} 32. Bg5+ {[%clk 0:01:21]} f6 {[%clk 0:01:54]} 33. Rb7+ {[%clk 0:00:59]}
Ke8 {[%clk 0:02:18]} 34. Bd2 {[%clk 0:00:43]} h5 {[%clk 0:01:24]} 35. Rb8+ {[%clk
0:00:58]} Kd7 {[%clk 0:01:39]} 36. Bc3 {[%clk 0:00:44]} Ra3 {[%clk 0:01:48]} 37.
Rb7+ {[%clk 0:00:48]} Kc8 {[%clk 0:02:07]} 38. Rg7 {[%clk 0:00:57]} Rxc3+ {[%clk
0:02:19]} 39. Kd2 {[%clk 0:01:23]} g5 {[%clk 0:02:26]} 0-1

[Event "Women's Baku Chess Olympiad"]
[Site "chess24.com"]
[Date "2016.09.10"]
[Round "8"]
[White "Dekic, Biljana N"]
[Black "Azman Hisham, Nur Nabila"]
[Result "0-1"]
[Board "3"]
[WhiteID "3200493"]
[WhiteElo "2064"]
[WhiteTitle "WIM"]
[WhiteCountry "AUS"]
[WhiteFideId "3200493"]
[WhiteEloChange "-12"]
[BlackID "5702135"]
[BlackElo "1994"]
[BlackTitle "WCM"]
[BlackCountry "MAS"]
[BlackFideId "5702135"]
[BlackEloChange "12"]

1. e4 {[%clk 1:30:55]} c5 {[%clk 1:30:30]} 2. Nf3 {[%clk 1:31:06]} e6 {[%clk
1:31:05]} 3. d4 {[%clk 1:31:07]} cxd4 {[%clk 1:31:14]} 4. Nxd4 {[%clk 1:31:33]}
a6 {[%clk 1:31:31]} 5. Bd3 {[%clk 1:30:29]} Nf6 {[%clk 1:30:04]} 6. O-O {[%clk
1:29:04]} Qc7 {[%clk 1:29:07]} 7. c4 {[%clk 1:27:16]} d6 {[%clk 1:25:03]} 8. Nc3
{[%clk 1:26:41]} g6 {[%clk 1:16:25]} 9. Kh1 {[%clk 1:23:37]} Bg7 {[%clk 1:16:30]}
10. f4 {[%clk 1:20:36]} O-O {[%clk 1:16:01]} 11. Nb3 {[%clk 1:11:46]} Nbd7 {[%clk
1:10:34]} 12. Be3 {[%clk 1:11:34]} b6 {[%clk 1:08:27]} 13. Rc1 {[%clk 1:02:22]}
Bb7 {[%clk 1:06:23]} 14. Qf3 {[%clk 0:57:15]} Rac8 {[%clk 0:58:35]} 15. h3 {[%clk
0:52:53]} Qb8 {[%clk 0:56:14]} 16. Kh2 {[%clk 0:44:59]} Qa8 {[%clk 0:53:26]} 17.
g4 {[%clk 0:39:03]} d5 {[%clk 0:46:06]} 18. exd5 {[%clk 0:20:36]} exd5 {[%clk
0:46:20]} 19. cxd5 {[%clk 0:17:31]} Nxd5 {[%clk 0:46:20]} 20. Nxd5 {[%clk
0:17:56]} Bxd5 {[%clk 0:46:12]} 21. Qf2 {[%clk 0:17:06]} b5 {[%clk 0:35:55]} 22.
Rfd1 {[%clk 0:14:58]} Nf6 {[%clk 0:33:30]} 23. Nc5 {[%clk 0:12:14]} Rfe8 {[%clk
0:24:59]} 24. b4 {[%clk 0:10:53]} Bf3 {[%clk 0:21:52]} 25. Rg1 {[%clk 0:07:42]}
Rcd8 {[%clk 0:19:49]} 26. Bf1 {[%clk 0:02:51]} Nd5 {[%clk 0:13:59]} 27. Bd2
{[%clk 0:02:08]} Nb6 {[%clk 0:13:10]} 28. Bc3 {[%clk 0:02:08]} Nc4 {[%clk
0:12:52]} 29. Rg3 {[%clk 0:01:09]} Bxc3 {[%clk 0:07:56]} 30. Qxf3 {[%clk
0:01:27]} Be1 {[%clk 0:08:14]} 31. Qxa8 {[%clk 0:00:32]} Bxg3+ {[%clk 0:08:32]}
32. Kxg3 {[%clk 0:00:58]} Rxa8 {[%clk 0:08:55]} 33. Bxc4 {[%clk 0:01:22]} bxc4
{[%clk 0:09:20]} 34. Rxc4 {[%clk 0:01:50]} Re3+ {[%clk 0:08:30]} 35. Kh4 {[%clk
0:02:10]} h6 {[%clk 0:04:21]} 36. a4 {[%clk 0:00:57]} f6 {[%clk 0:03:20]} 37. g5
{[%clk 0:00:49]} hxg5+ {[%clk 0:03:13]} 38. fxg5 {[%clk 0:01:12]} f5 {[%clk
0:03:38]} 39. Nb7 {[%clk 0:01:04]} Rae8 {[%clk 0:02:23]} 40. Nd6 {[%clk 0:31:02]}
Rd8 {[%clk 0:32:34]} 41. Rc6 {[%clk 0:25:04]} Re6 {[%clk 0:32:04]} 42. Nxf5
{[%clk 0:25:13]} Rxc6 {[%clk 0:30:44]} 43. Ne7+ {[%clk 0:25:39]} Kf7 {[%clk
0:30:57]} 44. Nxc6 {[%clk 0:26:06]} Rd6 {[%clk 0:31:10]} 45. b5 {[%clk 0:21:28]}
axb5 {[%clk 0:31:30]} 46. axb5 {[%clk 0:21:54]} Kg7 {[%clk 0:30:03]} 47. Kg4
{[%clk 0:20:48]} Rd5 {[%clk 0:28:27]} 48. Na7 {[%clk 0:19:03]} Rd4+ {[%clk
0:25:50]} 49. Kg3 {[%clk 0:18:46]} Rd6 {[%clk 0:23:26]} 50. h4 {[%clk 0:10:42]}
Rb6 {[%clk 0:23:35]} 51. Nc8 {[%clk 0:08:14]} Rxb5 {[%clk 0:23:51]} 52. Nd6
{[%clk 0:08:31]} Rb4 {[%clk 0:22:04]} 53. Ne8+ {[%clk 0:08:42]} Kf7 {[%clk
0:22:16]} 54. Nf6 {[%clk 0:09:07]} Ke6 {[%clk 0:22:20]} 55. Ng4 {[%clk 0:08:17]}
Rb3+ {[%clk 0:22:07]} 56. Kf4 {[%clk 0:06:05]} Rh3 {[%clk 0:22:03]} 57. Nf2
{[%clk 0:06:13]} Rxh4+ {[%clk 0:22:18]} 58. Kg3 {[%clk 0:06:40]} Ra4 {[%clk
0:22:28]} 59. Nh3 {[%clk 0:05:45]} Kf5 {[%clk 0:21:49]} 60. Kf3 {[%clk 0:05:43]}
Ra3+ {[%clk 0:21:57]} 61. Kg2 {[%clk 0:06:09]} Kg4 {[%clk 0:22:10]} 62. Nf2+
{[%clk 0:06:25]} Kxg5 {[%clk 0:22:23]} 63. Ne4+ {[%clk 0:06:20]} Kf4 {[%clk
0:21:24]} 64. Nf6 {[%clk 0:06:39]} Rd3 {[%clk 0:19:17]} 65. Kh2 {[%clk 0:05:30]}
Kf5 {[%clk 0:19:08]} 66. Ne8 {[%clk 0:05:48]} Rd7 {[%clk 0:19:04]} 67. Kg3 {[%clk
0:06:05]} Ke6 {[%clk 0:19:15]} 0-1